| 000 | 00865nam a22002657a 4500 | ||
|---|---|---|---|
| 003 | NUST | ||
| 005 | 20210225145533.0 | ||
| 008 | 170810b xxu||||| |||| 00| 0 eng d | ||
| 020 | _a9789693520194 | ||
| 020 | _a969352019X | ||
| 038 | _aArshad | ||
| 040 | _cNUST | ||
| 082 |
_a297.4 _bSHE |
||
| 100 |
_aShehzad, Ghafer _93879 |
||
| 245 |
_aData darbar complex: _bTameer say takmeel tak/ _cby Ghafer Shehzad |
||
| 260 |
_aLahore: _bSang-e mil publications, _c2007 |
||
| 300 |
_a96 p. _bill. |
||
| 504 | _aInclude bibliography | ||
| 563 | _aHBK | ||
| 650 |
_aHistory- Architecture _935758 |
||
| 880 |
_6100-01\(3\r _aغافر شہزاد |
||
| 880 |
_6245-02\(3\r _aداتا دربار کمپلیکس: _bتعمیر سے تکمیل تک _cغافر شہزاد |
||
| 880 |
_6260-03\(3\r _aلاہور: _bسنگ میل پبلی کیشنز، _c2007 |
||
| 942 |
_2ddc _cBK |
||
| 999 |
_c330828 _d330828 |
||